02054nas a2200241Ia 4500022001400000245003800014260003600052310001300088942001200101952017900113952013000292952012400422952018500546952012800731952012000859952016900979952012001148952012001268952016901388952012001557952012001677999001501797 a0970-0358 aIndian Journal of Plastic Surgery c2015aMumbaibMedknow Publisher aQuaterly 2ddccLJ 00102ddc405170aFMbFMd2015-05-12eINNOVATIVE SUBSCRIPTION SERVICEg0.00hVOL-48 ISSUE -1 (Jan-April - 2015)iSGTUl0r2015-05-12 00:00:00w0000-00-00yLJkISS/SGT/15/02 00102ddc4070aFMbFMcREFd2015-09-12hVOL-48 ISSUE -2 ( May- August - 2015)iSGTUl0r2015-09-12 00:00:00w2015-09-12yLJ 00102ddc4070aFMbFMd2016-01-29hVOL-48 ISSUE -3 ( SEPT- DECE - 2015)iSGTUl0r2016-01-29 00:00:00w2016-01-29yLJ 00102ddc4070aFMbFMcREFd2016-06-24e INNOVATIVE SUBSCRIPTION SERVICEg2900.00hVOL-49 ISSUE -1 (Jan-April - 2016)iSGTUl0r2016-06-24 00:00:00w2015-12-02yLJkISS/16/SGT/01 00102ddc4070aFMbFMcREFd2017-03-03hVOL-49 ISSUE -3 ( SEPT- DEC - 2016)iSGTUl0r2017-03-03 00:00:00w2017-03-03yLJ 00102ddc4070aFMbFMd2020-07-24hVOL-49 ISSUE -2 (MAY-AUG - 2016)iSGTUl0r2020-07-24 00:00:00w2020-07-24yLJ 00102ddc40708MEDICALaFMbFMcREFd2020-07-24eINNOVATIVE SUBSCRIPTION SERVICEhVOL-50 ISSUE -1 (Jan-April - 2017)iSGTUl0r2020-07-24 00:00:00w2020-07-24yLJ 00102ddc4070aFMbFMd2020-07-24hVOL-50 ISSUE -2 (MAY-AUG - 2017)iSGTUl0r2020-07-24 00:00:00w2020-07-24yLJ 00102ddc4070aFMbFMd2020-07-24hVOL-50 ISSUE -3 (SEP-DEC - 2017)iSGTUl0r2020-07-24 00:00:00w2020-07-24yLJ 00102ddc40708MEDICALaFMbFMcREFd2020-07-24eINNOVATIVE SUBSCRIPTION SERVICEhVOL-51 ISSUE -1 (Jan-April - 2018)iSGTUl0r2020-07-24 00:00:00w2020-07-24yLJ 00102ddc4070aFMbFMd2020-07-24hVOL-51 ISSUE -2 (MAY-AUG - 2018)iSGTUl0r2020-07-24 00:00:00w2020-07-24yLJ 00102ddc4070aFMbFMd2020-07-24hVOL-51 ISSUE -3 (SEP-DEC - 2018)iSGTUl0r2020-07-24 00:00:00w2020-07-24yLJ c6536d6536